Normal view
MARC view
- الشعر العربي - الشعر الشعبي - مراثي
Entry Topical Term
001 - CONTROL NUMBER
- control field: 35155
003 - CONTROL NUMBER IDENTIFIER
- control field: JO-AjAnu
005 - DATE AND TIME OF LATEST TRANSACTION
- control field: 20230606075900.0
008 - FIXED-LENGTH DATA ELEMENTS
- fixed length control field: 230606|| aca||aabn | a|a d
040 ## - CATALOGING SOURCE
- Original cataloging agency: JO-AjAnu
- Transcribing agency: JO-AjAnu
150 ## - HEADING--TOPICAL TERM
- Topical term or geographic name entry element: الشعر العربي - الشعر الشعبي - مراثي
670 ## - SOURCE DATA FOUND
- Source citation: Work cat.: (JO-AjAnu)18052: حفني، عبد الحليم, author 35154, المراثي الشعبية: العديد